Periodontics the scientific way. : Synopses of human clinical studies. /
Uložené v:
| Hlavný autor: | |
|---|---|
| Médium: | Kniha |
| Jazyk: | English |
| Vydané: |
Copenhagen :
Munksgaard,
1993
|
| Vydanie: | 1. vyd. |
| Témy: | |
| ISBN: |
8716110013 (viaz.) |
| Fyzický popis: |
272 s. |
| Tagy: |
Pridať tag
Žiadne tagy, Buďte prvý kto otaguje tento záznam!
|
Titul je dostupný aj v ... 

MARC
| LEADER | 00000nam a2200000 a 4500 | ||
|---|---|---|---|
| 001 | 000074549 | ||
| 003 | SVKK | ||
| 005 | 20010430000000.0 | ||
| 008 | 001213s1993 dk e engo | ||
| 020 | |a 8716110013 (viaz.) | ||
| 040 | |a SVKKK |b slo |c SVKKK |e AACR2 | ||
| 041 | 0 | |a eng | |
| 044 | |a dk |c DK | ||
| 080 | |a 616.314.17 |2 1997 | ||
| 100 | 1 | |a Egelberg, Jan |4 aut | |
| 245 | 1 | 0 | |a Periodontics the scientific way. : |b Synopses of human clinical studies. / |c Jan Egelberg |
| 250 | |a 1. vyd. | ||
| 260 | |a Copenhagen : |b Munksgaard, |c 1993 | ||
| 300 | |a 272 s. | ||
| 653 | 0 | |a periodontológia |2 SVKKKPH | |
| 655 | 7 | |a príručky |2 SVKKKPH | |
| 910 | |a svkkk | ||
| 919 | |a 87-16-11001-3 | ||
| 974 | |a MI |d 20001213 | ||
| 974 | |a PA |d 20001213 | ||
| 974 | |a PA |d 20010430 | ||
| 998 | |a BK | ||
| 090 | |g SCKHL |k Sklad Pribinova prízemie |a IV.164552 |j 864011 |i 2720119184 |s Absenčne | ||